000 01132cam a2200289 a 4500
001 14924313
005 20161207103326.0
008 070711s2007 ne a |rb 001 0 eng
010 _a2007028803
020 _a9780750684699
020 _a0750684690
035 _a(OCoLC)ocn155715265
035 _a(OCoLC)155715265
040 _aDLC
_cDLC
_dC#P
_dBAKER
_dYDXCP
_dDLC
050 0 0 _aTK1076
_b.S63 2007
082 0 0 _a621.3121
_222
_bSOA
100 1 _911256
_aSoares, Claire
245 1 0 _aMicroturbines /
_cWritten and edited by Claire Soares.
260 _aAmsterdam ;
_aBoston :
_bElsevier/Butterworth-Heinemann, 2007
_cc2007.
300 _axxix, 271 p. :
_bill. ;
_c27 cm.
504 _aIncludes bibliography:p.255-258 and index.
650 0 _aGas-turbine power-plants.
_911257
856 4 2 _3Publisher description
_uhttp://www.loc.gov/catdir/enhancements/fy0742/2007028803-d.html
856 4 1 _3Table of contents
_uhttp://www.loc.gov/catdir/toc/fy0801/2007028803.html
942 _2ddc
_cBB
999 _c13357
_d13357